000 00770nam a2200217Ii 4500
003 JO-AjNU
008 230605s9999||||xx |||||||||||||| ||und||
020 _a978-614-419-095-3
040 _aJO-AjNU
_bara
_erda
_cJO-AjNU
041 _aara
050 1 4 _aPJ7850.U54.S4.2018
100 3 _aمنيف، عبدالرحمن,
_eauthor
_961718
245 0 0 _aشرق المتوسط
250 _aالطبعة الثانية والعشرون
264 3 1 _aبيروت: المؤسسة العربية للدراسات والنشر، دار التنوير للطباعة والنشر، 2018
300 _a243ص
336 _atext
_btxt
_2rdacontent
337 _aunmediated
_bn
_2rdamedia
338 _avolume
_bnc
_2rdacarrier
650 4 _aالروايات العربية
_961719
999 _aA27912
_c31480
_d31480